000 00285 a2200121 4500
001 38639
082 _a891.4398 DAW
090 _c24507
_d24507
100 _aDawns Robert B
245 _aAzeem Kitabain
_cDawns Robert B
260 _aLahore
_bFaction House
_c1997
300 _a311 p
942 _aNUST-CAE
_k891.4398 DAW
999 _c273712
_d273712